[Event "Banff op"]
[Site "Banff"]
[Date "2022.11.12"]
[Round "3"]
[White "Yearwood, Roy"]
[Black "Miller, David"]
[Result "1-0"]
[WhiteElo "1890"]
[BlackElo "2117"]
[PlyCount "132"]
[EventDate "2022.11.11"]
[EventType "swiss"]
[EventRounds "6"]
[EventCountry "CAN"]
[SourceTitle "CBM 211 Extra"]
[Source "ChessBase"]
[SourceDate "2023.01.31"]
[SourceVersion "1"]
[SourceVersionDate "2023.01.31"]
[SourceQuality "1"]

1. e4 c5 2. Nf3 d6 3. c3 Nf6 4. Bd3 Nc6 5. 0-0 Bg4 6. Re1 g6 7. h3 Bxf3 8. Qxf3 Bg7 9. Bb5 Nd7 10. Qg3 Qb6 11. Na3 0-0 12. h4 a6 13. Be2 Qc7 14. Nc4 b5 15. Ne3 c4 16. d4 cxd3 17. Bxd3 Nc5 18. Bc2 e6 19. h5 b4 20. hxg6 hxg6 21. Ng4 bxc3 22. bxc3 Rfe8 23. Bg5 Nd7 24. Rad1 Nce5 25. Nh6+ Bxh6 26. Bxh6 Rac8 27. Re3 Nc4 28. e5 Ndxe5 29. Qh4 f5 30. Rh3 Kf7 31. Qf4 Rh8 32. Rg3 Rcg8 33. Rd4 Nb6 34. Bb3 Nbd7 35. Qd2 Nc5 36. Bf4 Ne4 37. Qe1 Nxg3 38. Bxg3 Rh5 39. Qd2 Rgh8 40. f3 Qc5 41. Kf1 Rd8 42. Qe2 Rh1+ 43. Kf2 Qb5 44. Bxe5 Qxe2+ 45. Kxe2 d5 46. c4 Rb1 47. cxd5 exd5 48. Rxd5 Rxd5 49. Bxd5+ Ke7 50. Bc4 Rb6 51. f4 Rb4 52. Kd3 Rb6 53. Kc3 Rc6 54. Kb4 a5+ 55. Kb5 Rc8 56. Bb3 Ra8 57. a4 Ra7 58. Bd5 Rd7 59. Kc6 Ra7 60. g3 Rd7 61. Bc7 Ke8 62. Bxa5 Ra7 63. Kb6 Re7 64. Bc6+ Kf7 65. Bb4 Re3 66. a5 Rb3 1-0

[Event "Edmonton WBX tt"]
[Site "Edmonton"]
[Date "2016.12.17"]
[Round "2"]
[White "Yearwood, Roy"]
[Black "Gardner, Robert"]
[Result "0-1"]
[WhiteElo "2002"]
[BlackElo "2166"]
[PlyCount "110"]
[EventDate "2016.12.17"]
[EventType "team-swiss"]
[EventRounds "5"]
[EventCountry "CAN"]
[SourceTitle "EXT 2019"]
[Source "ChessBase"]
[SourceDate "2018.10.10"]
[SourceVersion "1"]
[SourceVersionDate "2018.10.10"]
[SourceQuality "1"]

1. Nf3 c5 2. c4 Nc6 3. g3 g6 4. Bg2 Bg7 5. Nc3 f5 6. d3 Nf6 7. 0-0 0-0 8. a3 d6 9. Rb1 e5 10. b4 Qe7 11. Bg5 Qf7 12. bxc5 dxc5 13. Be3 Qe7 14. Bg5 Qd6 15. Qc1 Re8 16. Nb5 Qd7 17. h4 Ng4 18. Ne1 h6 19. Bd2 Kh7 20. e3 b6 21. Nc2 Bb7 22. Bd5 Nf6 23. e4 f4 24. Qd1 Rf8 25. Qf3 fxg3 26. Qxg3 Nh5 27. Qh2 Nf4 28. Ne1 Qg4+ 29. Ng2 Ne2+ 30. Kh1 Rf3 31. Ne3 Qd7 32. Rbe1 Rh3 33. Rxe2 Rxh2+ 34. Kxh2 a6 35. Nc3 Nd4 36. f4 exf4 37. Ng2 Nxe2 38. Nxe2 Bxd5 39. cxd5 g5 40. hxg5 hxg5 41. Rh1 Kg6 42. Ngxf4+ gxf4 43. Nxf4+ Kf7 44. Kg3 Rh8 45. Rf1 Be5 46. Kf3 Bxf4 47. Bxf4 Ke8 48. Rg1 Rf8 49. Ke3 Qa4 50. Rg6 Qd4+ 51. Kf3 Qxd3+ 52. Kg4 Qe2+ 53. Kg5 Qg2+ 54. Kh5 Qxg6+ 55. Kxg6 Rxf4 0-1

[Event "Alberta op"]
[Site "Edmonton"]
[Date "2015.10.12"]
[Round "6"]
[White "Opasiak, Dustin Tennessee"]
[Black "Yearwood, Roy"]
[Result "0-1"]
[WhiteElo "1773"]
[BlackElo "2015"]
[PlyCount "54"]
[EventDate "2015.10.10"]
[EventType "swiss"]
[EventRounds "6"]
[EventCountry "CAN"]
[SourceTitle "EXT 2017"]
[Source "ChessBase"]
[SourceDate "2016.10.25"]
[SourceVersion "1"]
[SourceVersionDate "2016.10.25"]
[SourceQuality "1"]

1. e4 d6 2. Nf3 c5 3. Bb5+ Nc6 4. 0-0 e5 5. Bxc6+ bxc6 6. c4 Nf6 7. d3 Be7 8. h3 0-0 9. Qa4 Bd7 10. Bd2 Nh5 11. Nc3 f5 12. Kh2 Kh8 13. Qd1 Nf6 14. Qe2 f4 15. Rad1 Ne8 16. Rh1 Nc7 17. Qf1 Qe8 18. Ne2 Qh5 19. Neg1 g5 20. Qe2 g4 21. Ne1 Rg8 22. g3 Raf8 23. gxf4 exf4 24. Bc3+ Bf6 25. Bxf6+ Rxf6 26. f3 Qh4 27. Ng2 g3# 0-1

[Event "Northern Alberta op"]
[Site "Edmonton"]
[Date "2015.02.14"]
[Round "3"]
[White "Arruebarrena Rodriguez, Rafael"]
[Black "Yearwood, Roy"]
[Result "1-0"]
[WhiteElo "2224"]
[BlackElo "2055"]
[PlyCount "43"]
[EventDate "2015.02.14"]
[EventType "swiss"]
[EventRounds "5"]
[EventCountry "CAN"]
[SourceTitle "EXT 2017"]
[Source "ChessBase"]
[SourceDate "2016.10.25"]
[SourceVersion "1"]
[SourceVersionDate "2016.10.25"]
[SourceQuality "1"]

1. e4 d6 2. d4 Nf6 3. Nc3 g6 4. f4 Bg7 5. Nf3 c5 6. Bb5+ Bd7 7. e5 Ng4 8. Bxd7+ Qxd7 9. d5 Na6 10. h3 Nh6 11. g4 0-0-0 12. Be3 Nc7 13. Qd2 Ng8 14. 0-0-0 h5 15. g5 e6 16. dxe6 Qxe6 17. Bxc5 Ne7 18. Bxd6 Nf5 19. Rhe1 Bf8 20. Nd4 Rxd6 21. exd6 Nxd4 22. Qxd4 1-0

[Event "CAN-ch op 49th"]
[Site "Victoria"]
[Date "2012.07.13"]
[Round "9"]
[White "Yearwood, Roy"]
[Black "Lane, Travis"]
[Result "1-0"]
[WhiteElo "2083"]
[BlackElo "2158"]
[PlyCount "85"]
[EventDate "2012.07.08"]
[EventType "swiss"]
[EventRounds "9"]
[EventCountry "CAN"]
[SourceTitle "CBM 149 Extra"]
[Source "ChessBase"]
[SourceDate "2012.08.24"]
[SourceVersion "1"]
[SourceVersionDate "2012.08.24"]
[SourceQuality "1"]

1. b4 e5 2. Bb2 d6 3. c4 Nf6 4. Nc3 g6 5. e4 Bg7 6. Nge2 0-0 7. g3 Nbd7 8. Bg2 Re8 9. 0-0 Nf8 10. d3 h5 11. f4 exf4 12. gxf4 Ng4 13. Rf3 f5 14. Qd2 c6 15. h3 Nf6 16. Re3 a5 17. b5 Bd7 18. Kh1 N6h7 19. exf5 Qh4 20. bxc6 bxc6 21. fxg6 Nxg6 22. Rg3 Ne7 23. Rg1 Nf5 24. Rg6 Re7 25. Ne4 Kh8 26. Bf1 Nf8 27. Bxg7+ Rxg7 28. Rxg7 Nxg7 29. f5 Nh7 30. f6 Bxh3 31. fxg7+ Kg8 32. Qf4 Bg4+ 33. Kg2 Kxg7 34. Qxd6 Rf8 35. Qg3 Qxg3+ 36. N2xg3 h4 37. Be2 Bxe2 38. Nxe2 Rb8 39. Kh3+ Kf7 40. Ng5+ Nxg5+ 41. Rxg5 Rb2 42. Re5 Rxa2 43. Nd4 1-0

[Event "CAN-ch op 49th"]
[Site "Victoria"]
[Date "2012.07.09"]
[Round "3"]
[White "Kazmaier, Daniel"]
[Black "Yearwood, Roy"]
[Result "1/2-1/2"]
[WhiteElo "2198"]
[BlackElo "2083"]
[PlyCount "60"]
[EventDate "2012.07.08"]
[EventType "swiss"]
[EventRounds "9"]
[EventCountry "CAN"]
[SourceTitle "EXT 2014"]
[Source "ChessBase"]
[SourceDate "2013.11.20"]
[SourceVersion "1"]
[SourceVersionDate "2013.11.20"]
[SourceQuality "1"]

1. d4 b6 2. c4 Bb7 3. Nc3 e6 4. Nf3 Nf6 5. Bg5 Bb4 6. Qb3 Na6 7. a3 Ba5 8. g3 c5 9. Rd1 h6 10. Bxf6 Qxf6 11. d5 exd5 12. cxd5 0-0 13. Bg2 Rfe8 14. Rd2 c4 15. Qxc4 Rac8 16. Qd4 Bxc3 17. bxc3 Qxd4 18. Nxd4 Rxc3 19. Nb5 Rc1+ 20. Rd1 Rc2 21. Rd2 Rc1+ 22. Rd1 Rc2 23. e3 Nc5 24. Nd6 Ba6 25. Bf1 Bxf1 26. Kxf1 Re5 27. Rd4 Nb3 28. Rd3 Nc5 29. Rd4 Nb3 30. Rd3 Nc5 1/2-1/2

[Event "Alberta-ch Reserves"]
[Site "Edmonton"]
[Date "2012.04.08"]
[Round "5"]
[White "Daniluk, Jim"]
[Black "Yearwood, Roy"]
[Result "1-0"]
[WhiteElo "1937"]
[BlackElo "2164"]
[PlyCount "39"]
[EventDate "2012.04.07"]
[EventType "swiss"]
[EventRounds "5"]
[EventCountry "CAN"]
[SourceTitle "EXT 2022"]
[Source "ChessBase"]
[SourceDate "2021.10.06"]
[SourceVersion "1"]
[SourceVersionDate "2021.10.06"]
[SourceQuality "1"]

1. d4 Nf6 2. c4 g6 3. Nf3 Bg7 4. g3 0-0 5. Bg2 d6 6. 0-0 c6 7. Nc3 Qa5 8. h3 Be6 9. Nd2 Nbd7 10. d5 cxd5 11. Nb3 Qb4 12. cxd5 Bf5 13. a3 Qc4 14. Nd2 Qd4 15. e4 Nh5 16. Nb3 Qxd1 17. Nxd1 Ne5 18. exf5 gxf5 19. Nd4 f4 20. g4 1-0

[Event "Calgary Schleinich Memorial"]
[Site "Calgary"]
[Date "2012.01.20"]
[Round "1"]
[White "Yearwood, Roy"]
[Black "Booker, Brad"]
[Result "1-0"]
[WhiteElo "2158"]
[BlackElo "2170"]
[PlyCount "73"]
[EventDate "2012.01.20"]
[EventType "swiss"]
[EventRounds "5"]
[EventCountry "CAN"]
[SourceTitle "EXT 2022"]
[Source "ChessBase"]
[SourceDate "2021.10.06"]
[SourceVersion "1"]
[SourceVersionDate "2021.10.06"]
[SourceQuality "1"]

1. e4 c6 2. Nc3 d5 3. Nf3 Nf6 4. e5 Ne4 5. Ne2 Qb6 6. Ned4 Bg4 7. c3 Nd7 8. d3 Nec5 9. Be2 e6 10. 0-0 Be7 11. b4 Na6 12. Be3 Qc7 13. Bf4 0-0 14. Re1 c5 15. bxc5 Naxc5 16. Rb1 a6 17. h3 Bh5 18. g4 Bg6 19. Bg3 b5 20. Qd2 Rfc8 21. h4 h5 22. Nh2 hxg4 23. Nxg4 Qd8 24. Kg2 Na4 25. Rbc1 Qb6 26. h5 Bh7 27. h6 g6 28. Nf3 b4 29. c4 b3 30. axb3 Nac5 31. Rb1 Nxb3 32. Qf4 a5 33. Ng5 Rf8 34. c5 f5 35. cxb6 fxg4 36. Qxg4 Rf5 37. Nxh7 1-0

[Event "Calgary-ch"]
[Site "Calgary"]
[Date "2011.03.22"]
[Round "6"]
[White "Yearwood, Roy"]
[Black "Hansen, Eric"]
[Result "0-1"]
[WhiteElo "2046"]
[BlackElo "2412"]
[PlyCount "44"]
[EventDate "2011.02.15"]
[EventType "tourn"]
[EventRounds "7"]
[EventCountry "CAN"]
[SourceTitle "EXT 2019"]
[Source "ChessBase"]
[SourceDate "2018.10.10"]
[SourceVersion "1"]
[SourceVersionDate "2018.10.10"]
[SourceQuality "1"]

1. e4 c5 2. Nc3 e6 3. f4 a6 4. a4 Nc6 5. Bc4 Nge7 6. d3 d5 7. Bb3 g6 8. Nf3 Bg7 9. 0-0 0-0 10. Qe1 Rb8 11. a5 Nxa5 12. Nxd5 Nec6 13. Nc3 Nxb3 14. cxb3 Nb4 15. Qd1 Qxd3 16. Qxd3 Nxd3 17. e5 b6 18. Ne4 a5 19. Rd1 Bb7 20. Nf6+ Bxf6 21. Rxd3 Bg7 22. Bd2 Rfd8 0-1

[Event "Calgary March of Kings"]
[Site "Calgary"]
[Date "2011.03.05"]
[Round "2.2"]
[White "Yearwood, Roy"]
[Black "Miller, Brian"]
[Result "1-0"]
[WhiteElo "2188"]
[BlackElo "1988"]
[PlyCount "53"]
[EventDate "2011.03.05"]
[EventType "swiss"]
[EventRounds "5"]
[EventCountry "CAN"]
[SourceTitle "EXT 2022"]
[Source "ChessBase"]
[SourceDate "2021.10.06"]
[SourceVersion "1"]
[SourceVersionDate "2021.10.06"]
[SourceQuality "1"]

1. d4 d5 2. Bf4 Nf6 3. e3 e6 4. Be2 Bd6 5. Nf3 0-0 6. Nbd2 b6 7. a4 a5 8. Ne5 Ba6 9. 0-0 c5 10. Bg5 Bxe2 11. Qxe2 Nbd7 12. f4 Qc7 13. c3 Rfb8 14. Nb1 c4 15. Nd2 b5 16. axb5 a4 17. e4 a3 18. Bxf6 Nxf6 19. bxa3 Bxa3 20. Rab1 Ra5 21. Nc6 Raxb5 22. Nxb8 Rxb8 23. Rxb8+ Qxb8 24. e5 Nd7 25. f5 Nf8 26. fxe6 Nxe6 27. Qf3 1-0

[Event "Calgary Alberta op"]
[Site "Calgary"]
[Date "2010.10.11"]
[Round "6.3"]
[White "Haessel, Dale R"]
[Black "Yearwood, Roy"]
[Result "0-1"]
[WhiteElo "2285"]
[BlackElo "2144"]
[PlyCount "96"]
[EventDate "2010.10.09"]
[EventType "swiss"]
[EventRounds "6"]
[EventCountry "CAN"]
[SourceTitle "EXT 2022"]
[Source "ChessBase"]
[SourceDate "2021.10.06"]
[SourceVersion "1"]
[SourceVersionDate "2021.10.06"]
[SourceQuality "1"]

1. d4 d5 2. c4 Nc6 3. Nc3 Nf6 4. Nf3 e6 5. Bg5 Bb4 6. e3 h6 7. cxd5 exd5 8. Bxf6 Qxf6 9. Qb3 Be6 10. Bb5 Bxc3+ 11. Qxc3 Bd7 12. 0-0 0-0 13. Rfc1 Rfe8 14. Ne5 Nxe5 15. dxe5 Qe6 16. Bxd7 Qxd7 17. Qxc7 Qf5 18. Qxb7 Rab8 19. Qxd5 Rxb2 20. f4 Re7 21. Rd1 Rc7 22. Rac1 Rcc2 23. Rxc2 Qxc2 24. Qd8+ Kh7 25. Qd3+ Qxd3 26. Rxd3 Rxa2 27. Rd7 Kg8 28. h3 h5 29. Kh2 h4 30. Rd8+ Kh7 31. Rf8 Kg6 32. e4 Re2 33. f5+ Kh6 34. Rxf7 Rxe4 35. e6 Kg5 36. e7 a5 37. Rxg7+ Kxf5 38. Rg4 Rxe7 39. Rxh4 Re5 40. Rc4 Rb5 41. Ra4 Kg5 42. h4+ Kg6 43. Kh3 Kh6 44. g4 Rb3+ 45. Kg2 Rb4 46. Kh2 Rb5 47. Ra3 Rb4 48. Kg2 a4 0-1

[Event "Calgary Alberta op"]
[Site "Calgary"]
[Date "2010.10.10"]
[Round "4.2"]
[White "Yearwood, Roy"]
[Black "Pedersen, Rick"]
[Result "1/2-1/2"]
[WhiteElo "2144"]
[BlackElo "1969"]
[PlyCount "33"]
[EventDate "2010.10.09"]
[EventType "swiss"]
[EventRounds "6"]
[EventCountry "CAN"]
[SourceTitle "EXT 2022"]
[Source "ChessBase"]
[SourceDate "2021.10.06"]
[SourceVersion "1"]
[SourceVersionDate "2021.10.06"]
[SourceQuality "1"]

1. e4 d6 2. d4 Nf6 3. Nc3 g6 4. Nf3 Bg7 5. Be3 0-0 6. Qd2 Nc6 7. h3 e5 8. 0-0-0 exd4 9. Nxd4 Nxd4 10. Bxd4 Re8 11. f3 Be6 12. g4 a6 13. h4 h5 14. gxh5 Nxh5 15. Bxg7 Kxg7 16. Bh3 Bxh3 17. Rxh3 1/2-1/2

[Event "Medicine Hat op"]
[Site "Medicine Hat"]
[Date "2010.09.19"]
[Round "4.1"]
[White "Taylor, William"]
[Black "Yearwood, Roy"]
[Result "0-1"]
[WhiteElo "1907"]
[BlackElo "2072"]
[PlyCount "82"]
[EventDate "2010.09.18"]
[EventType "swiss"]
[EventRounds "5"]
[EventCountry "CAN"]
[SourceTitle "EXT 2022"]
[Source "ChessBase"]
[SourceDate "2021.10.06"]
[SourceVersion "1"]
[SourceVersionDate "2021.10.06"]
[SourceQuality "1"]

1. Nf3 Nf6 2. g3 b6 3. Bg2 Bb7 4. c4 c5 5. 0-0 e6 6. d4 cxd4 7. Nxd4 Bxg2 8. Kxg2 Qc7 9. b3 Qb7+ 10. Kg1 d5 11. cxd5 Nxd5 12. Bb2 Be7 13. e3 Nd7 14. Nc3 Nxc3 15. Bxc3 Rc8 16. Rc1 0-0 17. Qf3 Qxf3 18. Nxf3 Ba3 19. Rcd1 Nc5 20. Nd4 Ne4 21. Be1 Rfd8 22. f3 Nd6 23. Ne2 Rc2 24. Nc3 Bc5 25. Nb5 Rxa2 26. Bf2 Kf8 27. Nxd6 Rxd6 28. Rxd6 Bxd6 29. Rb1 Ke7 30. f4 b5 31. Kg2 b4 32. Kf3 f5 33. Bg1 Bc5 34. g4 Rc2 35. g5 Rc3 36. h4 g6 37. Bf2 Kd7 38. Ke2 Kc6 39. Kd2 Kd5 40. Rc1 Ke4 41. Rxc3 bxc3+ 0-1

[Event "Medicine Hat op"]
[Site "Medicine Hat"]
[Date "2010.09.18"]
[Round "1.1"]
[White "Yearwood, Roy"]
[Black "Zuna, Jakov"]
[Result "1-0"]
[WhiteElo "2072"]
[BlackElo "1650"]
[PlyCount "69"]
[EventDate "2010.09.18"]
[EventType "swiss"]
[EventRounds "5"]
[EventCountry "CAN"]
[SourceTitle "EXT 2022"]
[Source "ChessBase"]
[SourceDate "2021.10.06"]
[SourceVersion "1"]
[SourceVersionDate "2021.10.06"]
[SourceQuality "1"]

1. c4 Nf6 2. g3 e5 3. Bg2 Nc6 4. Nc3 Bc5 5. e3 0-0 6. Nge2 Ne7 7. a3 a5 8. d4 exd4 9. exd4 Ba7 10. h3 d5 11. Bg5 dxc4 12. Bxf6 gxf6 13. 0-0 c6 14. Qd2 Nf5 15. Rad1 Be6 16. Ne4 Bd5 17. Qf4 Bxe4 18. Bxe4 Ng7 19. d5 cxd5 20. Bxd5 Qb6 21. Nc3 Qxb2 22. Ne4 f5 23. Rd2 Qb6 24. Nd6 c3 25. Nc4 Qf6 26. Rd3 Ne6 27. Qc1 Bd4 28. Qc2 Rfd8 29. Bxb7 Ra7 30. Bg2 Rb8 31. Rf3 f4 32. gxf4 Nxf4 33. Qe4 Qa6 34. Qxf4 Bg7 35. Qxb8+ 1-0

[Event "Lloydminster BATB op 4th"]
[Site "Lloydminster"]
[Date "2010.09.06"]
[Round "5.9"]
[White "Yearwood, Roy"]
[Black "Blum, Roger"]
[Result "1-0"]
[WhiteElo "2162"]
[BlackElo "1973"]
[PlyCount "51"]
[EventDate "2010.09.04"]
[EventType "swiss"]
[EventRounds "6"]
[EventCountry "CAN"]
[SourceTitle "EXT 2022"]
[Source "ChessBase"]
[SourceDate "2021.10.06"]
[SourceVersion "1"]
[SourceVersionDate "2021.10.06"]
[SourceQuality "1"]

1. e4 c5 2. Nc3 Nc6 3. f4 d6 4. Nf3 g6 5. Bb5 Bg7 6. 0-0 Bd7 7. a4 e6 8. d3 Nge7 9. Be3 a6 10. Bxc6 Bxc6 11. d4 Qb6 12. a5 Qc7 13. Qd2 Rd8 14. dxc5 dxc5 15. Qf2 Nc8 16. Bxc5 Qxf4 17. Ng5 Qxf2+ 18. Rxf2 Rd7 19. Raf1 Nd6 20. Bxd6 Bd4 21. e5 f5 22. Nxe6 Bxf2+ 23. Rxf2 h6 24. Nc5 Rd8 25. Rf4 Rg8 26. Rb4 1-0

[Event "Calgary August FIDE"]
[Site "Calgary"]
[Date "2010.08.28"]
[Round "2"]
[White "Wen, Jean Francois"]
[Black "Yearwood, Roy"]
[Result "1-0"]
[WhiteElo "2114"]
[BlackElo "2047"]
[PlyCount "107"]
[EventDate "2010.08.28"]
[EventType "tourn"]
[EventRounds "5"]
[EventCountry "CAN"]
[SourceTitle "EXT 2019"]
[Source "ChessBase"]
[SourceDate "2018.10.10"]
[SourceVersion "1"]
[SourceVersionDate "2018.10.10"]
[SourceQuality "1"]

1. c4 c5 2. g3 Nc6 3. Bg2 g6 4. e3 Bg7 5. Ne2 Nf6 6. Nbc3 d6 7. d4 Bd7 8. b3 Qc8 9. d5 Na5 10. Bb2 a6 11. Ne4 0-0 12. Nxf6+ Bxf6 13. Bxf6 exf6 14. Qd2 Qd8 15. 0-0 b5 16. Qc3 Rb8 17. Rab1 Kg7 18. e4 Qb6 19. cxb5 Bxb5 20. Rfe1 Bxe2 21. Rxe2 Qb4 22. Rc1 Qxc3 23. Rxc3 Rb4 24. Rec2 Rfb8 25. f3 c4 26. bxc4 Nb7 27. c5 Nxc5 28. Kf2 R8b5 29. Bf1 Ra5 30. Bc4 Rb1 31. Ke3 Ra4 32. Be2 Ra5 33. f4 Rb4 34. Bf3 Raa4 35. e5 Ne4 36. exd6 Nxc3 37. Rxc3 Rb8 38. d7 Rd8 39. Rc7 Ra3+ 40. Kd4 Rxf3 41. Kc5 f5 42. Kd6 Rd3 43. Ke7 Rh8 44. Rc8 Rxd5 45. Rxh8 Kxh8 46. d8Q+ Rxd8 47. Kxd8 a5 48. a4 Kg7 49. Kc7 Kf6 50. Kb6 g5 51. Kxa5 gxf4 52. gxf4 Ke6 53. Kb5 Kd6 54. Kb6 1-0

[Event "Calgary August FIDE"]
[Site "Calgary"]
[Date "2010.08.28"]
[Round "3"]
[White "Yearwood, Roy"]
[Black "Kazmaier, Daniel"]
[Result "0-1"]
[WhiteElo "2047"]
[BlackElo "2157"]
[PlyCount "44"]
[EventDate "2010.08.28"]
[EventType "tourn"]
[EventRounds "5"]
[EventCountry "CAN"]
[SourceTitle "EXT 2019"]
[Source "ChessBase"]
[SourceDate "2018.10.10"]
[SourceVersion "1"]
[SourceVersionDate "2018.10.10"]
[SourceQuality "1"]

1. e4 e6 2. d4 d5 3. Nc3 Nf6 4. Bg5 Bb4 5. e5 h6 6. Bc1 Ne4 7. Qg4 g6 8. a3 Bxc3+ 9. bxc3 Nxc3 10. a4 Bd7 11. Bd3 Nxa4 12. h4 c5 13. h5 g5 14. f4 c4 15. Be2 f5 16. exf6 e5 17. Qg3 exf4 18. Bxf4 Qa5+ 19. Kf1 Qc3 20. Re1 Qxg3 21. Bxg3 0-0 22. Be5 Be6 0-1

[Event "Calgary CC op"]
[Site "Calgary"]
[Date "2010.07.29"]
[Round "4"]
[White "Robichaud, Martin"]
[Black "Yearwood, Roy"]
[Result "1-0"]
[WhiteElo "2122"]
[BlackElo "2047"]
[PlyCount "100"]
[EventDate "2010.07.08"]
[EventType "swiss"]
[EventRounds "7"]
[EventCountry "CAN"]
[SourceTitle "EXT 2019"]
[Source "ChessBase"]
[SourceDate "2018.10.10"]
[SourceVersion "1"]
[SourceVersionDate "2018.10.10"]
[SourceQuality "1"]

1. e4 d5 2. exd5 Qxd5 3. Nc3 Qa5 4. d4 c6 5. Be2 Nf6 6. Bd2 Bf5 7. Ne4 Qc7 8. Nxf6+ gxf6 9. Nf3 Nd7 10. Be3 e6 11. 0-0 Bd6 12. c4 Rg8 13. g3 Bh3 14. c5 Bxg3 15. fxg3 Rxg3+ 16. Kf2 Rg2+ 17. Ke1 0-0-0 18. Qa4 a6 19. Rd1 Rg4 20. Rg1 Nxc5 21. Qc2 Re4 22. Kf2 Rxe3 23. Kxe3 Nd7 24. Bd3 Nb6 25. Kf2 f5 26. Qe2 Bg4 27. Qe5 Qe7 28. Be2 Nd7 29. Qf4 Nf6 30. Ng5 Nd5 31. Qd2 Nf6 32. Bxg4 Nxg4+ 33. Kf1 h6 34. Nf3 Rh8 35. b4 Nf6 36. b5 axb5 37. Qa5 Kb8 38. Ne5 Ne8 39. Qb6 Qd6 40. Rc1 Kc8 41. Rg3 Nc7 42. Rgc3 Qd5 43. Nxc6 Qh1+ 44. Ke2 Qxh2+ 45. Kd1 Qh1+ 46. Kc2 Qe4+ 47. Kb2 Na8 48. Na7+ Kd7 49. Qxb5+ Ke7 50. Qc5+ Kf6 1-0

[Event "Calgary CC op"]
[Site "Calgary"]
[Date "2010.07.22"]
[Round "3"]
[White "Yearwood, Roy"]
[Black "Kazmaier, Daniel"]
[Result "1-0"]
[WhiteElo "2047"]
[BlackElo "2157"]
[PlyCount "73"]
[EventDate "2010.07.08"]
[EventType "swiss"]
[EventRounds "7"]
[EventCountry "CAN"]
[SourceTitle "EXT 2019"]
[Source "ChessBase"]
[SourceDate "2018.10.10"]
[SourceVersion "1"]
[SourceVersionDate "2018.10.10"]
[SourceQuality "1"]

1. e4 c5 2. Nc3 Nc6 3. f4 g6 4. Nf3 Bg7 5. Bb5 Nd4 6. Bc4 d6 7. 0-0 e6 8. d3 Ne7 9. Be3 0-0 10. Bb3 b6 11. Bxd4 cxd4 12. Ne2 e5 13. fxe5 h6 14. e6 Bxe6 15. Bxe6 fxe6 16. Nexd4 Qd7 17. Qe2 g5 18. c3 Ng6 19. g3 g4 20. Nd2 h5 21. Qe3 Kh7 22. Qg5 Bh6 23. Qxh5 Ne5 24. Nc4 Nxd3 25. Qxg4 Rg8 26. Qxe6 Qxe6 27. Nxe6 Rae8 28. Rf6 Rg6 29. Rxg6 Kxg6 30. Nd4 Rxe4 31. Nxd6 Re5 32. Nc4 Rc5 33. Rd1 Nc1 34. Nb3 Ne2+ 35. Kf2 Nxc3 36. Rd6+ Kf5 37. Nxc5 1-0

[Event "Canada Day op"]
[Site "Calgary"]
[Date "2010.07.03"]
[Round "5"]
[White "Yearwood, Roy"]
[Black "Wen, Jean Francois"]
[Result "1/2-1/2"]
[WhiteElo "2047"]
[BlackElo "2114"]
[PlyCount "53"]
[EventDate "2010.07.02"]
[EventType "swiss"]
[EventRounds "7"]
[EventCountry "CAN"]
[SourceTitle "EXT 2019"]
[Source "ChessBase"]
[SourceDate "2018.10.10"]
[SourceVersion "1"]
[SourceVersionDate "2018.10.10"]
[SourceQuality "1"]

1. e4 e6 2. d4 d5 3. Nc3 Bb4 4. Bd3 dxe4 5. Bxe4 Nf6 6. Bg5 h6 7. Bxf6 Bxc3+ 8. bxc3 Qxf6 9. Rb1 c6 10. Nf3 Nd7 11. c4 0-0 12. 0-0 Qf4 13. Re1 Nf6 14. Bd3 Qc7 15. Re5 b6 16. c5 Nd7 17. Rh5 bxc5 18. Qd2 f5 19. dxc5 Nxc5 20. Bc4 Ne4 21. Qe3 Kh7 22. Rh3 c5 23. Bd3 Rb8 24. Re1 e5 25. Rh4 Qe7 26. Bxe4 fxe4 27. Qxe4+ 1/2-1/2

[Event "Calgary June FIDE"]
[Site "Calgary"]
[Date "2010.06.26"]
[Round "4"]
[White "Kazmaier, Daniel"]
[Black "Yearwood, Roy"]
[Result "1/2-1/2"]
[WhiteElo "2157"]
[BlackElo "2044"]
[PlyCount "57"]
[EventDate "2010.06.19"]
[EventType "tourn"]
[EventRounds "5"]
[EventCountry "CAN"]
[SourceTitle "EXT 2019"]
[Source "ChessBase"]
[SourceDate "2018.10.10"]
[SourceVersion "1"]
[SourceVersionDate "2018.10.10"]
[SourceQuality "1"]

1. e4 d5 2. Nc3 dxe4 3. Nxe4 Qd5 4. Qf3 Bf5 5. Nd6+ Qxd6 6. Qxf5 Nc6 7. Bb5 e6 8. Qe4 Nge7 9. Nf3 a6 10. Bc4 Ng6 11. d3 h6 12. Rb1 Nge5 13. Nxe5 Qxe5 14. Bb3 Be7 15. Bd2 Bf6 16. Bc3 Bg5 17. Rd1 h5 18. a4 h4 19. g3 Bf6 20. f4 hxg3 21. hxg3 Kd7 22. fxe5 Bh4 23. Ke2 Bxg3 24. Kf3 Be1 25. Bc4 Bd2 26. b4 b5 27. axb5 Ke7 28. b6 Bc1 29. Bd2 1/2-1/2

[Event "Calgary June FIDE"]
[Site "Calgary"]
[Date "2010.06.19"]
[Round "3"]
[White "Haessel, Dale R"]
[Black "Yearwood, Roy"]
[Result "0-1"]
[WhiteElo "2207"]
[BlackElo "2044"]
[PlyCount "44"]
[EventDate "2010.06.19"]
[EventType "tourn"]
[EventRounds "5"]
[EventCountry "CAN"]
[SourceTitle "EXT 2019"]
[Source "ChessBase"]
[SourceDate "2018.10.10"]
[SourceVersion "1"]
[SourceVersionDate "2018.10.10"]
[SourceQuality "1"]

1. d4 f5 2. Nf3 Nf6 3. g3 e6 4. Bg2 d5 5. c4 Bd6 6. 0-0 Qe7 7. Qc2 0-0 8. Nc3 Nbd7 9. e3 b6 10. cxd5 Bb7 11. Ne2 Rfc8 12. Qb1 Ne4 13. Ne5 g5 14. f3 Nef6 15. h3 Kg7 16. Qd3 Nb8 17. Nc3 g4 18. fxg4 Nxg4 19. Nc6 Ne5 20. Nb4 Nxd3 21. Bh1 a5 22. Bg2 Bc6 0-1

[Event "Battle of Alberta"]
[Site "Red Deer"]
[Date "2009.09.26"]
[Round "2.9"]
[White "Kalisvaart, Peter"]
[Black "Yearwood, Roy"]
[Result "0-1"]
[WhiteElo "2117"]
[BlackElo "2177"]
[PlyCount "40"]
[EventDate "2009.09.26"]
[EventType "team"]
[EventRounds "2"]
[EventCountry "CAN"]
[SourceTitle "EXT 2011"]
[Source "ChessBase"]
[SourceDate "2010.11.26"]
[SourceVersion "1"]
[SourceVersionDate "2010.11.26"]
[SourceQuality "1"]

1. Nf3 Nf6 2. d4 d5 3. c4 c6 4. Nc3 a6 5. c5 Nbd7 6. Bf4 Nh5 7. e3 g6 8. Be2 f6 9. h4 b6 10. b4 Nxf4 11. exf4 e5 12. h5 bxc5 13. dxc5 g5 14. fxg5 fxg5 15. Nxd5 cxd5 16. Qxd5 Ra7 17. 0-0 Qf6 18. Rad1 Rc7 19. Nd2 Bb7 20. Ne4 Bxd5 0-1